LEADER 03761nam 22007212 450 001 9910450548503321 005 20151005020621.0 010 $a1-107-13688-1 010 $a0-511-06204-4 010 $a1-280-43649-2 010 $a9786610436491 010 $a0-511-17912-X 010 $a1-139-14899-0 010 $a0-511-05571-4 010 $a0-511-32377-8 010 $a0-511-53502-3 010 $a0-511-07050-0 035 $a(CKB)1000000000018470 035 $a(EBL)218244 035 $a(OCoLC)228111085 035 $a(SSID)ssj0000182429 035 $a(PQKBManifestationID)11938994 035 $a(PQKBTitleCode)TC0000182429 035 $a(PQKBWorkID)10172093 035 $a(PQKB)11013988 035 $a(UkCbUP)CR9780511535024 035 $a(MiAaPQ)EBC218244 035 $a(PPN)190408456 035 $a(Au-PeEL)EBL218244 035 $a(CaPaEBR)ebr10070303 035 $a(CaONFJC)MIL43649 035 $a(EXLCZ)991000000000018470 100 $a20090429d2003|||| uy| 0 101 0 $aeng 135 $aur||||||||||| 181 $ctxt$2rdacontent 182 $cc$2rdamedia 183 $acr$2rdacarrier 200 10$aIntroduction to classical integrable systems /$fOlivier Babelon, Denis Bernard, Michel Talon$b[electronic resource] 210 1$aCambridge :$cCambridge University Press,$d2003. 215 $a1 online resource (xi, 602 pages) $cdigital, PDF file(s) 225 1 $aCambridge monographs on mathematical physics 300 $aTitle from publisher's bibliographic system (viewed on 05 Oct 2015). 311 $a0-521-03670-4 311 $a0-521-82267-X 320 $aIncludes bibliographical references and index. 327 $g1.$tIntroduction --$g2.$tIntegrable dynamical systems --$g3.$tSynopsis of integrable systems --$g4$tAlgebraic methods --$g5.$tAnalytical methods --$g6.$tThe closed Toda chain -- 7.$tThe Calogero-Moser model --$g8.$tIsomonodromic deformations --$g9.$tGrassmannian and integrable hierarchies --$g10.$tThe KP hierarchy --$g11.$tThe KdV hierarchy --$g12.$tThe Toda field Theories --$g13$tClassical inverse scattering method --$g14.$tSymplectic geometry --$g15.$tRiemann surfaces --$g16.$tLie algebras. 330 $aThis book provides a thorough introduction to the theory of classical integrable systems, discussing the various approaches to the subject and explaining their interrelations. The book begins by introducing the central ideas of the theory of integrable systems, based on Lax representations, loop groups and Riemann surfaces. These ideas are then illustrated with detailed studies of model systems. The connection between isomonodromic deformation and integrability is discussed, and integrable field theories are covered in detail. The KP, KdV and Toda hierarchies are explained using the notion of Grassmannian, vertex operators and pseudo-differential operators. A chapter is devoted to the inverse scattering method and three complementary chapters cover the necessary mathematical tools from symplectic geometry, Riemann surfaces and Lie algebras. The book contains many worked examples and is suitable for use as a textbook on graduate courses. It also provides a comprehensive reference for researchers already working in the field. 410 0$aCambridge monographs on mathematical physics. 606 $aDynamics 606 $aHamiltonian systems 615 0$aDynamics. 615 0$aHamiltonian systems. 676 $a531/.163 700 $aBabelon$b Olivier$f1951-$060489 702 $aBernard$b Denis$f1961- 702 $aTalon$b Michel$f1952- 801 0$bUkCbUP 801 1$bUkCbUP 906 $aBOOK 912 $a9910450548503321 996 $aIntroduction to classical integrable systems$92486156 997 $aUNINA LEADER 02962nam 2200745 450 001 9910163981303321 005 20230810002130.0 010 $a3-95845-511-5 035 $a(CKB)3710000001056423 035 $a(MiAaPQ)EBC4806900 035 $a5c85863f-6db8-4b7b-a8aa-6037b0dd2d03 035 $a(EXLCZ)993710000001056423 100 $a20190909d2017 uy 0 101 0 $ager 135 $aurcnu|||||||| 181 $ctxt$2rdacontent 182 $cc$2rdamedia 183 $acr$2rdacarrier 200 10$aLinux Mint 18 $ePraxiswissen fu?r Ein- und Umsteiger /$fChristoph Troche 205 $a1., 2017 210 1$aFrechen :$cMitp,$d[2017] 210 4$d©2017 215 $a1 online resource (279 pages) 225 0 $amitp Anwendungen 300 $aIncludes index. 311 $a3-95845-510-7 330 $aLong description: Ganz einfach und Schritt für Schritt auf Linux umsteigen Die Benutzeroberfläche Cinnamon kennenlernen und an die eigenen Bedürfnisse anpassen Windows und Linux Mint parallel betreiben Dieses Buch ermöglicht Ihnen einen problemlosen Start mit Linux Mint 18. Christoph Troche erklärt Ihnen gut nachvollziehbar die verschiedenen Installationsmöglichkeiten von Linux Mint (Live-Version, Festinstallation, allein oder parallel zu Windows) und demonstriert, wie Mint eingerichtet wird. Er macht Sie mit der Arbeitsoberfläche Cinnamon bekannt, so dass Sie direkt loslegen können. Der Autor zeigt Ihnen die Programme, die das Betriebssystem bereits mitbringt und empfiehlt geeignete Alternativen. Im weiteren Verlauf des praxisnahen Buches erhalten Sie wertvolle Informationen und Tipps in Sachen Multimedia, Mobilität, Datensicherung in der Cloud oder Sicherheit Ihres Systems. So hilft Ihnen dieses verständliche Praxisbuch dabei, alltägliche Aufgaben problemlos zu meistern und Linux Mint optimal zu nutzen. 330 $aBiographical note: Christoph Troche ist Fachbuchautor und Linux-User der ersten Stunde. Er legt besonders großen Wert auf die praktische Verwendbarkeit und Benutzerfreundlichkeit seiner Anleitungen. 606 $aWindows 606 $aBetriebssystem 606 $aLinux 606 $aSkype 606 $aTerminal 606 $aKDE 606 $aMATE 606 $aNemo 606 $aWine 606 $axcfe 606 $asarah 606 $aPidgin 606 $aKonsole 606 $aCinnamon 615 00$aWindows 615 00$aBetriebssystem 615 00$aLinux 615 00$aSkype 615 00$aTerminal 615 00$aKDE 615 00$aMATE 615 00$aNemo 615 00$aWine 615 00$axcfe 615 00$asarah 615 00$aPidgin 615 00$aKonsole 615 00$aCinnamon 676 $a005.432 700 $aTroche$b Christoph$01219800 801 0$bMiAaPQ 801 1$bMiAaPQ 801 2$bMiAaPQ 906 $aBOOK 912 $a9910163981303321 996 $aLinux Mint 18$92895990 997 $aUNINA